000 01618nam a22001577a 4500
999 _c509485
_d509485
008 190510b ||||| |||| 00| 0 eng d
100 _aFarmer, Jayce L.
_95352
245 _aConnecting Theory With Practice: The Institutional Evolvement of U.S. Counties Functioning as Regional Service Providers
260 _c2018
300 _ap.808-821.
520 _aThis study extends the literature on county government structure by examining the three basic forms of county governments and their long-term effects on regional service spending. An examination of 1,532 U.S. counties between 1977 and 2012 reveals that those with the commission government form produce on average less regional service spending than those with reformed government structures. Examining the two major distinctions in reformed government types reveals that elected executive governments spend on average more than those with the commission-administrator form. However, the amount of increase for elected executive spending was very minor. The findings also reveal that the ability to establish home rule charters alters the effects of government structure for commission and commission-administrator counties. Meanwhile, charter-enabling laws matter little regarding the effects for elected executive counties. The analytical results lead to four major points for consideration regarding the link between county service provision and county institutional arrangements. - Reproduced.
650 _aCounty services
_95353
773 _aAmerican Review of Public Administration
906 _aCounty government - United States
942 _2ddc
_cAR